World Capitals starting with V - Statistics

General Stats
  • This quiz has been taken 52 times
  • The average score is 5 of 7
Answer Stats
Capital % Correct
Vaduz
78%
Valletta
76%
Vatican City
76%
Vienna
76%
Vilnius
76%
Vientiane
73%
Victoria
54%
No matching quizzes found
Score Distribution
Percent of People with Each Score
Percentile by Number Answered
Your Score History
You have not taken this quiz